Cidades mais populosas de cada pais da america do sul - Statistics

Estatísticas Gerais
  • Esse quiz foi jogado 8 vezes
  • A pontuação média é 10 de 12
Estatísticas das Respostas
Hint Resposta % Correto
Colombia Bogota
100%
Argentina Buenos Aires
100%
Venezuela Caracas
100%
Peru Lima
100%
Chile Santiago
100%
Brasil Sao Paulo
100%
Paraguai Assuncao
88%
Uruguai Montevideu
88%
Suriname Paramaribo
75%
guiana Georgetown
63%
Equador Guayaquil
63%
Bolivia Santa Cruz de la Sierra
50%
Nenhum quiz correspondente encontrado
Distribuição das Pontuações
Porcentagem de Pessoas com Cada Pontuação
Percentil de Números Respondidos
Sua Pontuação Histórica
Você não jogou esse quiz